000 00432nam a22001577a 4500
005 20260306051745.0
008 240905b |||||||| |||| 00| 0 eng d
020 _a815989397
082 _a658.15
100 _aRustagi R.P.
245 _aFundamentals of Financial Management
250 _a4th ed.
260 _aNew Delhi :
_bGalgotia Publishing Company,
_c2006
300 _a575 p.;
_bill,
_c23.8 Cm.
942 _2ddc
_e4th ed.
_cMAIN
999 _c10000
_d10001